Statistics for Name a Valid Canton

Click here to take the quiz!

General Stats

  • This quiz has been taken 12 times
  • The average score is 17 of 20

Answer Stats

Name a Canton that ... Canton % Correct
borders FranceBasel-Landschaft | Basel-Stadt | Geneva |
Jura | Neuchâtel | Solothurn | Vaud | Valais
100%
does not border Bern or ZürichAppenzell-Ausserrhoden | Appenzell-Innerrhoden | Basel-Landschaft |
Basel-Stadt | Geneva | Glarus | Graubünden | Ticino
100%
has a purchasing power of > 50,000 SFr.Zug | Schwyz | Nidwalden | Zürich | Geneva | Basel-Landschaft
92%
starts with the letter GGeneva | Glarus | Graubünden
92%
is multilingualBern | Fribourg | Graubünden | Valais
92%
is a half-cantonAppenzell Ausserrhoden | Appenzell Innerrhoden |
Basel-Landschaft | Basel-Stadt | Nidwalden | Obwalden
92%
has more than one million inhabitantsBern | Zürich
92%
borders Lake LucerneLucerne | Nidwalden | Obwalden | Schwyz | Uri
92%
has more than 30% foreignersGeneva | Basel-Stadt | Vaud
92%
has a mountain higher than 3,000 mValais | Bern | Graubünden | Uri | Glarus |
Ticino | St. Gallen | Obwalden | Vaud
92%
got added to the Confederation after 1800St. Gallen | Graubünden | Aargau | Thurgau | Ticino |
Valais | Vaud | Neuchâtel | Geneva | Jura
92%
starts with the letter JJura
92%
has a nuclear plantAargau | Bern | Solothurn
83%
is a republic according to their constitutionGeneva | Jura | Neuchâtel | Ticino
83%
forms Northwestern SwitzerlandAargau | Basel-Landschaft | Basel-Stadt | Jura | Solothurn
83%
never elected a woman into ParliamentAppenzell-Innerrhoden | Glarus
75%
celebrates fewer than 10 public holidaysAppenzell-Ausserrhoden | Basel-Stadt | Bern |
Geneva | St. Gallen | Valais | Vaud
75%
has a national parkGraubünden
67%
is a ring-cantonSt. Gallen
67%
joined in 1291 (according to tradition)Nidwalden | Obwalden | Schwyz | Uri
67%

Score Distribution

Percentile by Number Answered

Percent of People with Each Score

Your Score History

You have not taken this quiz